000 00417pab a2200169 454500
008 180718b2012 xxu||||| |||| 00| 0 eng d
100 _aGuy, Mary E.
245 _aSocial equity: Its legacy, its promise
260 _c2012
300 _ap.S5-S13.
362 _aNov-Dec
650 _aSocial inequality
700 _aMcCandless, Sean A.
773 _aPublic Administration Review
908 _aN
909 _a98752
999 _c98751
_d98751